| 000 | 01735nam a2200253Ia 4500 | ||
|---|---|---|---|
| 999 |
_c51784 _d51784 |
||
| 001 | 18776 | ||
| 003 | GE_BSU | ||
| 005 | 20210413123832.0 | ||
| 008 | 181216s2015||||ge |||||||||||||| ||geo|| | ||
| 040 | _cGE_BSU | ||
| 041 | _ageo | ||
| 080 | _a61 პ-24 | ||
| 100 |
_aპაჭკორია, ელენე _911274 |
||
| 245 |
_aE Coli - ინფექციის როლი და მნიშვნელობა დიარეული დაავადებების და სანაღვლე გზების პათოლოგიების დროს / _cელენე პაჭკორია; სამეცნიერო ხელმძღვანელები : ელზა ვაშაკიძე, თამარ მეგრელიშვილი; თბილისის სახელმწიფო სამედიცინო უნივერსიტეტი. |
||
| 264 |
_aთბილისი, _c2015. |
||
| 300 |
_a114 გვ.; _b30 სმ. |
||
| 504 | _aბიბლიოგრაფია: გვ. 103-108. | ||
| 653 | _aE Coli-ინფექციის როლი და მნიშვნელობა დიარეული დაავადებების და სანაღვლე გზების პათოლოგიების დროს. | ||
| 653 | _aდისერტაცია | ||
| 653 | _aმედიცინა | ||
| 700 |
_aვაშაკიძე, ელზა _eსამეცნიერო ხელმძღვანელი _911275 |
||
| 700 |
_aმეგრელიშვილი, თამარ _eსამეცნიერო ხელმძღვანელი _911276 |
||
| 942 |
_cBK _2udc |
||